000 00493nmm a2200145Ia 4500
008 251105s9999||||xx |||||||||||||||||und||
041 _aspa
100 _aAvilés Fabila, René
245 0 _aEl evangelio según René Avilés Fabila
264 _a[Madrid, España] :
_bEditorial Electronica Andaluza,
_c[Fecha de publicación no identificada]
300 _a0 páginas
650 _aOther Literatures and languages
856 _uhttps://public.digitaliapublishing.com/a/84878
942 _cCF
999 _c103654
_d103654